000
00328nam a2200133Ia 4500
008
220204s9999 xx 000 0 und d
082
_a
657.4
_b
JAI
100
_a
Jain, S P
245
0
_a
Advance cost accounting
260
_a
New Delhi
_b
Kalayani Publ
_c
1982
650
_a
Cost accounting
700
_a
Narang, K L
942
_c
BK
999
_c
31470
_d
31470